Income convergence prospects in Europe: assessing the role of human capital dynamics
Konvergencia príjmov v Európe, súčasná situácia. Projektový model príjmov pre Európu. Teória, odhad výsledkov a projektový model. Finančné vyhliadky konvergencie príjmov v Európe, cvičenie, výsledky.
Na minha lista:
| Autor principal: | |
|---|---|
| Outros Autores: | , |
| Formato: | Capítulo de Livro |
| Idioma: | inglês |
| Assuntos: | |
| Tags: |
Sem tags, seja o primeiro a adicionar uma tag!
|
MARC
| LEADER | 00000nla a2200000 4500 | ||
|---|---|---|---|
| 001 | 0159389 | ||
| 005 | 20240502083352.0 | ||
| 041 | 0 | |a eng | |
| 044 | |a AT | ||
| 245 | 1 | 0 | |a Income convergence prospects in Europe: assessing the role of human capital dynamics |c Jesús Crespo Cuaresma, Miroslava Havettová, Martin Lábaj |
| 520 | |a Konvergencia príjmov v Európe, súčasná situácia. Projektový model príjmov pre Európu. Teória, odhad výsledkov a projektový model. Finančné vyhliadky konvergencie príjmov v Európe, cvičenie, výsledky. | ||
| 610 | 2 | 0 | |a rast hospodársky |
| 610 | 2 | 0 | |a príjmy |
| 610 | 2 | 0 | |a projekty |
| 610 | 2 | 0 | |a konvergencia |
| 610 | 2 | 0 | |a kapitál ľudský |
| 610 | 2 | 0 | |a Európa |
| 100 | 1 | |a Crespo Cuaresma, Jesús | |
| 700 | 1 | |a Havettová, Miroslava | |
| 700 | 1 | |a Lábaj, Martin, 1982- | |